The Rookie Quiz - Statistiken

Allgemein
  • Dieses Quiz wurde 3.090 mal gespielt
  • Das Durchschnittsergebnis liegt bei 8 aus 15
Antwortstatistiken
Frage Antwort % Korrekt
Welches Ereignis bewegt John Nolan dazu, Polizist zu werden? Banküberfall
97%
In welcher Stadt spielt The Rookie? Los Angeles
96%
Mehrere Episoden von "The Rookie" werden in einem besonderen Format erzählt. Welches? True Crime
90%
Wie heißt das Spin-Off von "The Rookie", welches 2022 startete The Rookie: Feds
73%
Was war die letzte von Evelyn Nolans Betrügereien? Sie hat Heroin in Shampoo-Flaschen geschmuggelt
71%
Zu Beginn der Serie wird John Nolan welcher Einheit zugewiesen? Mid-Wilshire Divison
66%
Wann wurde Wade Grey von einem Drogenabhängigen angeschossen? In Wades letzter Woche als Streifenpolizist
65%
Wofür steht die Abkürzung für das ATF Bureau in dem Talia Bishop ab der 2. Staffel arbeitet? Alkohol, Tabak, Firearms
55%
Wer spielt die Rolle von Pete Nolan? Pete Davidson
51%
Wie nennt sich der Sektenanführer, der von Frankie Muniz in Staffel 3 verkörpert wird? Prophet Jedidiah
43%
Rookie Jackson West lernt den Schauspieler Sterling Freeman kennen, mit dem er später eine Beziehung führt. Doch wie heißt Sterling in Wirklichkeit? Skipper Young
38%
Welcher dieser "The Rookie"-Darsteller ist kein Kanadier? Eric Winter
30%
Was studierte Angela Lopez bevor sie Polizistin wurde? Maschinenbau
29%
Wer ist der allerbeste Cop aller Zeiten? Smitty
26%
Wie heißt die Schauspielerin die Isabel Bradford spielt? Mircea Monroe
17%
Keine übereinstimmenden Quizze gefunden
Verteilung der Resultate
Anzahl Personen mit jedem Resultat
Perzentil nach korrekt beantworteten Fragen
Ihre Resultats-Entwicklung
Sie haben dieses Quiz noch nicht gespielt